| 000 | 00000cam 2200000za 4500 |
| 001 | 9.856127 |
| 003 | CaOODSP |
| 005 | 20241203113642 |
| 007 | cr ||||||||||| |
| 008 | 180503s1996 oncbd||#o f00| 0 eng d |
| 040 | |aCaOODSP|beng |
| 041 | |aeng|bfre|biku |
| 043 | |an-cn-on|an-cn-qu |
| 086 | 1 |aCW69-1/90E-PDF |
| 245 | 00|aDuck use of the coastal habitats of northeastern James Bay |h[electronic resource] / |cAustin Reed ... [et al.]. |
| 260 | |aOttawa : |bCanadian Wildlife Service, |cc1996. |
| 300 | |a47 p. : |bmaps, charts. |
| 490 | 1 |aOccasional paper ; |vno. 90 |
| 500 | |aDigitized edition from print [produced by Environment and Climate Change Canada]. |
| 500 | |aIssued also in French under title: Utilisation des habitats côtiers du nord-est de la baie James par les canards. |
| 504 | |aIncludes bibliographical references. |
| 520 | 3 |a"We conducted aerial and ground surveys along the northeast coast of James Bay, from the Au Castor River to Point Louis-XIV, in 1990-92. Ducks were encountered in abundance throughout the spring, summer, and fall. Overall, 21 different duck species were recorded"--Abstract. |
| 530 | |aIssued also in print format. |
| 546 | |aIncludes abstracts in French and Inuit. |
| 692 | 07|2gccst|aAquatic birds |
| 692 | 07|2gccst|aHabitats |
| 700 | 1 |aReed, Austin. |
| 710 | 1 |aCanada. |bEnvironment Canada. |
| 710 | 2 |aCanadian Wildlife Service. |
| 775 | 08|tUtilisation des habitats côtiers du nord-est de la baie James par les canards |w(CaOODSP)9.856666 |
| 776 | 0#|tDuck use of the coastal habitats of northeastern James Bay / |w(CaOODSP)9.612690 |
| 830 | #0|aOccasional paper (Canadian Wildlife Service)|vno. 90|w(CaOODSP)9.504780 |
| 856 | 40|qPDF|s3.08 MB|uhttps://publications.gc.ca/collections/collection_2018/eccc/CW69-1-90-eng.pdf |